[Event "Saint Louis Blitz 2020"]
[Site "Saint Louis"]
[Date "2020.09.19"]
[Round "16"]
[White "Grischuk, Alexander"]
[Black "Dominguez Perez, Leinier"]
[Result "1/2-1/2"]
[WhiteElo "2777"]
[BlackElo "2758"]
[Annotator "TA"]
[PlyCount "100"]
[EventDate "2020.09.18"]
[EventType "blitz"]
[EventCountry "USA"]
[SourceTitle "playchess.com"]
[Source "ChessBase"]
[SourceQuality "1"]

{[%evp 15,100,-5,-11,-10,-7,-11,-16,-6,12,13,21,-2,0,-18,8,0,11,-22,9,0,0,9,56,46,102,97,106,103,103,54,61,65,60,63,68,72,68,66,79,72,73,65,61,26,21,21,25,14,17,16,15,0,0,0,9,9,72,0,0,0,0,0,0,0,0,0,0,0,0,0,0,0,0,0,0,0,0,0,0,0,0,0,0,0,0,0,0]} 1. d4 Nf6 2. c4 e6 3. Nc3 Bb4 4. e3 O-O 5. Bd3 d5 6. cxd5 exd5 7. Nge2 Re8 8. O-O Bd6 9. Bd2 {Nowadays more popular than 9.f3. E48: Nimzo-Indian: Rubinstein: 5 Bd3 d5 including 6 Ne2, but excluding 6 a3.} b6 10. Rc1 c5 11. Ng3 {[#]} Bf8 $146 ({Predecessor:} 11... a6 12. b3 Bb7 13. dxc5 bxc5 14. Re1 Nc6 15. e4 Ne5 16. Bf1 d4 17. Na4 Nfg4 18. Nf5 g6 19. Nxd6 Qh4 20. h3 Qxf2+ 21. Kh1 {½-½ (21) Zubov,Y (2353)-Stepanov,K (2356) ICCF email 2017}) 12. dxc5 bxc5 13. Nce2 Nbd7 14. Bc3 Bb7 15. Nf4 $36 {[%mdl 2048] White fights for an advantage.} a6 16. Qd2 Ne5 17. Rfd1 g6 18. Be2 Rc8 19. b4 c4 {[#]} (19... cxb4 $14 20. Bxb4 Bxb4 21. Qxb4 Rb8) 20. Bxe5 $1 $16 Rxe5 {[#]} 21. Bxc4 $1 {[%mdl 512]} Qb6 (21... Rxc4 22. Rxc4) 22. Bb3 Rxc1 23. Qxc1 Bxb4 24. Nd3 Re7 25. Nxb4 Qxb4 26. h3 a5 27. Qa1 Qb6 28. Ne2 Ne4 29. Qd4 (29. Rd4 {is more complex.} Nxf2 30. Kxf2 Qf6+ 31. Nf4 g5 32. Qd1) 29... Qxd4 30. Rxd4 Rc7 31. f3 Nc3 32. Kf2 Kg7 33. Nf4 Nxa2 34. Nxd5 Bxd5 35. Rxd5 Rb7 (35... Nc1 $11 36. Bd1 Rc5 {[%mdl 64] Decoy} 37. Rxc5 Nd3+ {[%mdl 64] Double Attack} 38. Ke2 Nxc5) 36. Bxa2 {[%mdl 4096] Endgame KRB-KR} (36. Rxa5 $16 Rxb3 37. Rxa2) 36... Rb2+ $11 {[%mdl 64] Double Attack. The position is equal.} 37. Kg3 Rxa2 {KR-KR} 38. e4 h5 39. h4 Kf6 40. Kf4 Rxg2 41. Rxa5 Rh2 42. Ra6+ Kg7 43. Kg3 Rb2 44. Ra7 Rb1 45. Rc7 Ra1 46. Rb7 Rc1 47. Ra7 Rb1 48. Rc7 Ra1 49. Rb7 Rc1 50. Ra7 Rb1 {Accuracy: White = 90%, Black = 86%.} 1/2-1/2

[Event "Saint Louis Blitz 2020"]
[Site "Saint Louis"]
[Date "2020.09.19"]
[Round "16"]
[White "Harikrishna, Pentala"]
[Black "Xiong, Jeffery"]
[Result "1-0"]
[WhiteElo "2732"]
[BlackElo "2709"]
[Annotator "TA"]
[PlyCount "135"]
[EventDate "2020.09.18"]
[EventType "blitz"]
[EventCountry "USA"]
[SourceTitle "playchess.com"]
[Source "ChessBase"]
[SourceQuality "1"]

{[%evp 15,135,0,12,0,22,8,9,4,20,8,13,22,22,15,20,20,41,18,59,26,19,0,0,0,0,0,0,0,0,0,55,52,56,62,61,-7,46,33,77,53,78,66,45,25,26,26,129,68,96,89,93,71,81,69,77,41,52,35,36,0,0,0,0,0,0,0,254,251,556,550,522,493,506,388,388,347,319,254,239,235,215,60,79,45,40,0,6095,1168,1535,310,294,0,0,0,973,278,964,887,591,237,231,230,200,0,197,199,557,508,1001,965,29977,29978,29977,29978,29988,29989,29989,29990,29990,29957,29989,29990]} 1. e4 c5 2. Nf3 d6 3. d4 cxd4 4. Nxd4 Nf6 5. Nc3 a6 6. Bd3 e5 7. Nde2 Be7 8. O-O O-O 9. Ng3 {B90: Sicilian Najdorf: Unusual White 6th moves, 6 Be3 Ng4 and 6 Be3 e5.} b5 {[%cal Bb7b5,Bb5b4][%mdl 32]} 10. Bg5 Be6 11. a4 {The position is equal.} b4 {[#]} 12. Nd5 $146 ({Predecessor:} 12. Nce2 Nbd7 13. Bd2 a5 14. Bb5 Nc5 15. Bg5 Rc8 16. Bxf6 Bxf6 17. c4 {0-1 (46) Evertsson,L (2226)-Ulybin,M (2581) Stockholm 2003}) 12... Bxd5 13. exd5 g6 14. a5 Nbd7 15. Bc4 Nc5 16. Bd2 Rb8 17. b3 Qc7 18. Qe1 Qb7 19. f4 exf4 $1 20. Bxf4 Rfe8 21. Qf2 Nfe4 22. Qf3 f5 (22... Ng5 $11 23. Qf2 Bf6) 23. Nxe4 $14 Nxe4 24. g4 Bf6 25. Rad1 (25. Rae1 $1 $14) 25... fxg4 (25... g5 $11 26. Be3 f4) 26. Qxg4 Bg7 27. Kg2 Re7 28. Rde1 Rbe8 29. Re3 Qc7 30. Rfe1 Kh8 (30... Bd4 $11) 31. Qf3 (31. Bd3 $16 {[%cal Re3e4]} Bc3 32. R1e2) 31... Nc5 ({Don't play} 31... Bc3 32. R1e2 $18) 32. Rxe7 Rxe7 33. Rxe7 Qxe7 34. Qe3 Qd7 35. Qh3 $40 {[%mdl 128] Black needs to defend precisely.} Qd8 36. Be3 Be5 37. Qf3 {Threatens to win with Qf7.} Kg7 38. Qg4 Qxa5 39. h4 Qa2 40. Bxc5 Qxc2+ $2 {[%mdl 8192]} (40... dxc5 $11 {and Black has nothing to worry.} 41. Bd3 Qa1) 41. Bf2 $18 h5 $2 (41... a5 42. Qe2 Qb1) 42. Qe2 Qf5 43. Qf3 Qc8 44. Bg3 Bxg3 45. Qxg3 Qf5 46. Qxd6 {And now Qe7+ would win.} Qe4+ 47. Kf2 $1 Qd4+ 48. Ke2 $2 (48. Kf1 $18 {Black must now prevent Qe7+.} Qd1+ 49. Kg2 Qc2+ 50. Kf3 Qc3+ 51. Ke2 Qb2+ 52. Ke3 Qc1+ 53. Kf2 Qd2+ 54. Be2 Qd4+ 55. Kf3 Qg4+ 56. Ke3 Qh3+ 57. Bf3 Qxh4 58. Qc7+ Kf8 59. Qc8+ Kg7 60. Qc7+ Kg8 61. d6 Qg5+ 62. Kf2) 48... Qe4+ $14 49. Kd2 Qd4+ $1 50. Bd3 Qc3+ $4 {[%mdl 8192]} (50... Qf2+ $11 51. Kd1 Qf3+ 52. Be2 (52. Kc2 Qg2+ 53. Kc1 Qg1+ 54. Kd2 Qf2+ 55. Kd1 Qf3+ 56. Be2 Qxb3+ 57. Ke1 Qc3+ 58. Kf2 Qd4+ 59. Kg3 Qg1+ 60. Kf3 Qh1+ 61. Ke3 Qh3+ 62. Bf3 Qxh4 $14) 52... Qxb3+ 53. Ke1 Qc3+ 54. Kf2 Qd4+ 55. Kg3 Qg1+ 56. Kf3 Qg4+ 57. Ke3 Qh3+ 58. Bf3 Qxh4) 51. Ke3 (51. Ke2 $142 Qb2+ 52. Kf3 Qxb3 53. Qe7+ Kh8 54. Qf6+ Kg8 55. Qxg6+ Kf8 56. Ke4) 51... Qc1+ 52. Ke4 $2 (52. Ke2 Qb2+ 53. Kf3 Qxb3 54. Qe7+ Kg8 55. Qe8+ Kg7 56. Qxg6+ Kf8 57. Ke4) 52... Qe1+ $18 53. Kd4 $2 ({White has to play} 53. Kf3 $18 Qh1+ 54. Ke3 Qg1+ 55. Ke4 Qe1+ 56. Kd4 Qc3+ 57. Ke3 Qe1+ 58. Be2 Qxh4 59. Qc7+ Kh6 60. d6 Qg3+ 61. Ke4 Qg2+ 62. Bf3) 53... Qc3+ $1 $11 54. Ke3 Qe1+ $4 {[%mdl 8192]} (54... Qc1+ $11 55. Ke2 Qb2+ 56. Kf3 Qxb3 57. Qxg6+ Kf8) 55. Kf3 $2 (55. Be2) 55... Qd1+ $2 {[#]} (55... Qh1+ 56. Ke3 Qg1+ 57. Ke4 Qe1+ 58. Kd4 Qc3+ 59. Ke3) 56. Be2 $1 $18 Qh1+ 57. Kf2 (57. Ke3 $142 Qh3+ 58. Bf3 Qxh4 59. Qc7+ Kf8 60. Qc8+ Kg7 61. Qxa6) 57... Qxh4+ 58. Ke3 {Hoping for Qc7+.} Qg5+ 59. Kf2 Qh4+ $1 {[#]} 60. Kg2 $1 Qe4+ $2 (60... Qg5+ {is a better chance.} 61. Kf1 Qf6+ 62. Qxf6+ Kxf6 63. Bxa6 g5) 61. Bf3 Qc2+ (61... Qe3 $142 62. Qxb4 Qg5+ 63. Kf2 h4) 62. Kg3 Qc3 63. Qe7+ {White mates.} Kh6 64. d6 g5 65. d7 h4+ 66. Kg4 Qd4+ 67. Kh3 g4+ 68. Bxg4 {Accuracy: White = 61%, Black = 62%.} 1-0

[Event "Saint Louis Blitz 2020"]
[Site "Saint Louis"]
[Date "2020.09.19"]
[Round "17"]
[White "So, Wesley"]
[Black "Aronian, Levon"]
[Result "1-0"]
[WhiteElo "2770"]
[BlackElo "2773"]
[Annotator "TA"]
[PlyCount "99"]
[EventDate "2020.09.18"]
[EventType "blitz"]
[EventCountry "USA"]
[SourceTitle "playchess.com"]
[Source "ChessBase"]
[SourceQuality "1"]

{[%evp 14,99,9,11,0,0,0,0,0,0,27,0,24,8,13,6,37,0,0,-2,0,0,27,24,70,45,69,61,90,0,37,41,77,95,218,215,216,212,214,223,218,218,280,287,357,332,358,344,369,366,366,365,356,363,368,352,360,388,388,381,367,363,375,279,425,411,911,985,962,899,782,741,640,597,893,957,904,856,29961,29958,29956,12043,29972,29974,29976,29975,29976,29973]} 1. Nf3 d5 2. e3 Nf6 3. c4 e6 4. b3 c5 5. Bb2 Nc6 6. cxd5 exd5 7. Bb5 Bd6 8. O-O O-O {A13: English Opening: 1...e6.} 9. d4 cxd4 10. Nxd4 Bc7 {The position is equal.} 11. Nd2 Qd6 {[%csl Gc7][%cal Rd6h2] [#]} 12. N4f3 $5 $146 {[%mdl 8] An interesting novelty.} ({Predecessor:} 12. N2f3 Bg4 13. Bxc6 bxc6 14. Qc2 Bd7 15. Nf5 Bxf5 16. Qxf5 Ne4 17. Be5 Qe7 18. Rac1 {½-½ (41) Lenderman,A (2634)-Karjakin,S (2752) chess.com INT 2020}) 12... Bg4 13. Rc1 Rfe8 14. h3 Bh5 15. Re1 Rac8 16. Nf1 Ba5 17. Re2 Bxf3 18. gxf3 Nh5 19. Rec2 Qg6+ 20. Kh1 Qf5 {[#]} 21. Kg2 (21. Kh2 $1 $16) 21... Re6 22. f4 {Hoping for Bd3.} Rg6+ 23. Kh2 {Bd3 is the strong threat.} Qe4 {[#] A mistake that costs the game.} (23... Rh6 $16 24. Bd3 Qe6) 24. Ng3 $1 $18 {[%cal Rg3e4]} Nxg3 25. Bd3 {[%mdl 64] Skewer} Qe6 {Threatens to win with ...Rh6!} 26. Bxg6 $40 {[%mdl 128] Black is in trouble.} ({Worse is} 26. fxg3 Rh6 $11) 26... hxg6 27. Kxg3 Re8 28. Rc5 d4 29. Rxc6 {[%mdl 64] Remove Defender} bxc6 30. Qxd4 {[%csl Gb2][%cal Rd4g7][%mdl 64] Double Attack} f6 31. Qxa7 Bd2 32. Rd1 Bb4 33. Qd7 Qxd7 34. Rxd7 {[%mdl 4096] Endgame KRB-KRB} Ra8 35. a4 Rb8 36. Rc7 c5 37. Rd7 Ba5 38. Rd5 Rxb3 (38... Bb4 {keeps fighting.} 39. Kf3 Rb7) 39. Rxc5 Bb6 (39... Be1 $142) 40. Rb5 Rxb5 41. axb5 {KB-KB} Kf7 42. e4 Ke6 43. Ba3 f5 44. f3 Bd4 45. Bb4 Kd7 46. exf5 gxf5 47. Kh4 Kc7 48. Kg5 {White mates.} Kb6 49. Bd6 Kxb5 50. Be5 {Accuracy: White = 89%, Black = 55%.} 1-0

[Event "Saint Louis Blitz 2020"]
[Site "Saint Louis"]
[Date "2020.09.19"]
[Round "17"]
[White "Dominguez Perez, Leinier"]
[Black "Nepomniachtchi, Ian"]
[Result "1/2-1/2"]
[WhiteElo "2758"]
[BlackElo "2784"]
[Annotator "TA"]
[PlyCount "49"]
[EventDate "2020.09.18"]
[EventType "blitz"]
[EventCountry "USA"]
[SourceTitle "playchess.com"]
[Source "ChessBase"]
[SourceQuality "1"]

{[%evp 15,49,39,43,21,25,12,22,17,58,0,0,0,0,0,0,0,0,0,0,0,79,67,70,55,87,0,0,0,0,0,0,0,0,0,0,0]} 1. e4 c5 2. Nf3 d6 3. d4 cxd4 4. Nxd4 Nf6 5. Nc3 a6 6. Be2 e6 7. Be3 Qc7 8. Qd2 b5 9. a3 {B84: Sicilian Scheveningen: 6 Be2 a6, lines without early Be3.} Bb7 10. f3 Nbd7 11. O-O-O Be7 12. Ndxb5 (12. g4 $14) 12... axb5 $11 13. Nxb5 {[%mdl 64] [#] Double Attack} Qc8 {...d5 is the strong threat.} 14. Nxd6+ Bxd6 15. Qxd6 Ba6 16. Rhe1 Bxe2 17. Rxe2 {[#]} Qc4 $5 $146 {[%mdl 8] An interesting novelty.} (17... Ra6 $11 {remains equal.} 18. Qb4 Rc6) ({Predecessor:} 17... Ra6 18. Qb4 Qc6 19. b3 Ra8 20. Kb2 Rb8 21. Qd6 Qxd6 22. Rxd6 Ke7 23. Ra6 Rhc8 {1-0 (50) Bologan,V (2672)-Vasquez Schroder,R (2542) Khanty-Mansiysk 2013}) 18. Red2 $16 Ra6 19. Qd3 Qa2 {[%cal Ra2a1] [#]} 20. c3 ({White should try} 20. c4 $1 $16 {Threatens to win with e5!} O-O 21. c5) 20... Rxa3 $1 $11 {The position is equal.} 21. bxa3 Qa1+ 22. Kc2 Qa2+ 23. Kc1 Qa1+ 24. Kc2 Qa2+ 25. Kc1 {Accuracy: White = 76%, Black = 74%.} 1/2-1/2

[Event "Saint Louis Blitz 2020"]
[Site "Saint Louis"]
[Date "2020.09.19"]
[Round "17"]
[White "Nakamura, Hikaru"]
[Black "Harikrishna, Pentala"]
[Result "1/2-1/2"]
[WhiteElo "2736"]
[BlackElo "2732"]
[Annotator "TA"]
[PlyCount "65"]
[EventDate "2020.09.18"]
[EventType "blitz"]
[EventCountry "USA"]
[SourceTitle "playchess.com"]
[Source "ChessBase"]
[SourceQuality "1"]

{[%evp 13,65,17,36,32,31,39,37,40,33,29,33,29,41,41,27,27,44,38,48,36,38,38,46,0,26,0,0,0,4,2,9,6,4,5,2,0,0,0,0,0,0,0,0,0,0,0,0,0,0,0,0,0,0,0]} 1. e4 c6 2. Nc3 d5 3. Nf3 Bg4 4. h3 Bxf3 5. Qxf3 e6 6. g3 Nf6 7. Bg2 dxe4 8. Nxe4 {B11: Caro-Kann: Two Knights Variation.} Nxe4 9. Qxe4 Qd5 10. O-O {White is slightly better.} (10. c3 {with more complications.} Nd7 11. d4 Bd6 12. O-O Qxe4 13. Bxe4 a5 14. a4) 10... Qxe4 11. Bxe4 a5 $5 {[%mdl 4] A promising side line.} 12. d4 Nd7 13. c4 Nf6 {[#]} 14. Bf3 $146 ({Predecessor:} 14. Bg2 Be7 15. Be3 O-O {½-½ (15) Kollars,D (2501)-Sumets,A (2559) Heusenstamm 2016}) 14... Bd6 15. Rd1 O-O 16. Be3 Rfd8 17. Rac1 Be7 18. d5 exd5 19. cxd5 Nxd5 {The position is equal.} 20. Bxd5 cxd5 21. Rc7 Bf6 22. Rxb7 d4 23. Bd2 a4 24. Kf1 h6 25. h4 h5 26. Bf4 d3 27. a3 Rac8 28. Rb4 Rc2 29. Rxa4 Bxb2 30. Be3 Rc3 31. Rd4 Ra8 32. Rd5 Rcxa3 33. R1xd3 {Accuracy: White = 95%, Black = 95%.} 1/2-1/2

[Event "Saint Louis Blitz 2020"]
[Site "Saint Louis"]
[Date "2020.09.19"]
[Round "17"]
[White "Firouzja, Alireza"]
[Black "Grischuk, Alexander"]
[Result "1-0"]
[WhiteElo "2728"]
[BlackElo "2777"]
[Annotator "TA"]
[PlyCount "109"]
[EventDate "2020.09.18"]
[EventType "blitz"]
[EventCountry "USA"]
[SourceTitle "playchess.com"]
[Source "ChessBase"]
[SourceQuality "1"]

{[%evp 9,109,-2,14,0,0,0,-6,-6,0,0,0,0,0,0,25,-12,0,0,0,-106,22,12,25,24,37,35,37,29,23,0,56,60,107,112,113,113,108,112,106,112,167,133,123,123,214,128,128,109,411,405,423,332,378,329,1047,932,1164,948,1791,1557,1361,1706,1535,1498,1516,1364,1032,35,35,12,12,12,12,12,29967,29968,29973,29974,29974,29976,29976,29977,29977,29978,29980,29977,29979,29976,29980,29978,29978,29971,29980,29979,29979,29980,29980,29981,29981,29982,29982,29982]} 1. e4 e5 2. Nc3 Nf6 3. Bc4 Nc6 4. d3 Bb4 5. Bd2 Bxc3 6. Bxc3 {C28: Vienna Game: 2...Nf6 3 Bc4 Nc6.} d5 7. exd5 Nxd5 8. Nf3 {The position is equal.} O-O 9. O-O {[#]} Bg4 $146 ({Predecessor:} 9... Nxc3 10. bxc3 Bg4 11. Re1 Qf6 12. d4 Bxf3 13. Qxf3 Qxf3 14. gxf3 exd4 15. cxd4 Nxd4 {0-1 (64) Bone,K (1256)-Bogiatzis,P (1620) Playchess.com INT 2020}) 10. h3 Bh5 11. Re1 Re8 12. Qe2 Qd6 13. Qe4 Nf6 14. Qf5 (14. Qe3 $1 $11) 14... Bxf3 (14... g6 $17 15. Qg5 Bxf3 16. gxf3 Nd4 17. Bxd4 exd4) 15. Qxf3 $11 Re7 16. Re3 a6 17. Rae1 $36 {[%mdl 2048] White has good play.} Rae8 18. a4 h6 19. g3 a5 ({Better is} 19... Rb8 $11) 20. R3e2 $14 b6 21. Bb5 Nd5 22. Bxc6 $1 Qxc6 23. Rxe5 Rxe5 24. Rxe5 Rxe5 (24... Rd8 $16) 25. Bxe5 $18 {And now c4 would win.} Qe6 26. Qe4 f6 {[#]} (26... f5 $16 {was called for.} 27. Qe1 c5) 27. Bf4 (27. c4 $1 $18) 27... Kf7 28. c4 Qxe4 $4 {[%mdl 8192]} (28... Nxf4 $16 {is more resistant.} 29. Qxf4 Qd7) 29. dxe4 Nxf4 30. gxf4 $16 {[%mdl 4096] Endgame KP-KP} Ke6 31. Kg2 Kd6 $2 (31... g6 32. Kf3 f5) 32. Kg3 $18 Kc5 33. Kg4 g6 34. f5 h5+ 35. Kf4 g5+ 36. Ke3 Kxc4 {[#]} 37. e5 $1 {[%mdl 512]} Kd5 (37... fxe5 38. f6) 38. e6 $2 (38. exf6 $18 {Threatens to win with f7.} Kd6 39. Ke4) 38... Kd6 $14 39. f3 c6 40. Kd4 Ke7 41. Kc4 Kd6 $2 {[%mdl 8192]} (41... Kd8 $11) 42. b4 {White mates.} axb4 43. Kxb4 Ke7 44. a5 bxa5+ 45. Kxa5 Kd6 46. Kb6 h4 47. Ka5 Kc7 48. Kb4 Kc8 49. Kc4 Kd8 50. Kd4 Kc8 51. Kc5 Kc7 {[#]} 52. e7 $1 Kd7 {[#]} 53. e8=Q+ $1 {[%mdl 512]} Kxe8 54. Kxc6 Ke7 55. Kc7 {Accuracy: White = 81%, Black = 55%.} 1-0

[Event "Saint Louis Blitz 2020"]
[Site "Saint Louis"]
[Date "2020.09.19"]
[Round "17"]
[White "Xiong, Jeffery"]
[Black "Carlsen, Magnus"]
[Result "0-1"]
[WhiteElo "2709"]
[BlackElo "2863"]
[Annotator "TA"]
[PlyCount "70"]
[EventDate "2020.09.18"]
[EventType "blitz"]
[EventCountry "USA"]
[SourceTitle "playchess.com"]
[Source "ChessBase"]
[SourceQuality "1"]

{[%evp 10,70,0,0,0,0,0,0,-2,0,0,-5,2,-17,-11,-52,-12,-19,-29,-46,-49,-57,-33,-46,-40,-79,-64,-90,-91,-89,-96,-103,-101,-85,-89,-97,-39,-108,-31,-127,-118,-117,-114,-100,-107,-237,-207,-200,-220,-480,-478,-464,-476,-457,-457,-716,-704,-714,-661,-747,-737,-833,-708]} 1. b3 e5 2. Bb2 Nc6 3. e3 Nf6 4. Nf3 d6 5. d4 e4 6. Nfd2 d5 {A01: Nimzowitsch-Larsen Opening.} 7. c4 Ne7 8. Be2 {[#]} h5 $146 {The position is equal.} ({Predecessor:} 8... c6 9. Nc3 Nf5 10. Qc2 a6 11. O-O-O h5 12. Kb1 Bb4 13. h3 h4 14. Nf1 O-O {0-1 (69) Enders,P (2445)-Neuman,P (2423) Germany 2016}) 9. Ba3 c6 10. Nc3 Nf5 11. Bxf8 Kxf8 12. Qc1 g6 13. Qa3+ Kg7 14. h3 Be6 15. Rc1 a6 16. Qb4 Rb8 17. cxd5 cxd5 18. Na4 Nd7 $1 19. Nc5 Nxc5 20. dxc5 Qg5 21. g3 Qf6 22. Qc3 a5 (22... d4 $17 23. exd4 Bd5) 23. O-O (23. Qxf6+ $15 Kxf6 24. O-O) 23... Ne7 ({Black should play} 23... Qxc3 $17 24. Rxc3 d4 25. exd4 Nxd4) 24. Kg2 (24. Qxf6+ $15 Kxf6 25. Kg2) 24... Qxc3 $17 25. Rxc3 h4 $36 {[%mdl 2048] Threatens to win with ...hxg3. Black has strong initiative.} 26. g4 f5 27. f3 {[#] This costs White the game.} (27. Nb1 $17 {might work better.}) 27... d4 $1 $19 {[%cal Rd4c3][%mdl 512]} 28. exd4 Nd5 29. Nb1 $2 (29. Bc4 {was necessary.} Nxc3 30. Bxe6) 29... Nf4+ {[%mdl 64] Double Attack. Black is clearly winning.} 30. Kf2 Nxh3+ 31. Ke1 exf3 32. Rfxf3 (32. gxf5 $142 fxe2 33. Kxe2 Bxf5 {[#]} 34. Rxf5 $1 {[%mdl 512]} Ng1+ 35. Kf2 gxf5 36. Kxg1) 32... fxg4 33. Rfe3 Bf5 34. Nd2 Nf4 35. Bc4 Ng2+ {Accuracy: White = 47%, Black = 86%.} 0-1

[Event "Saint Louis Blitz 2020"]
[Site "Saint Louis"]
[Date "2020.09.19"]
[Round "18"]
[White "Nepomniachtchi, Ian"]
[Black "Firouzja, Alireza"]
[Result "1-0"]
[WhiteElo "2784"]
[BlackElo "2728"]
[Annotator "TA"]
[PlyCount "63"]
[EventDate "2020.09.18"]
[EventType "blitz"]
[EventCountry "USA"]
[SourceTitle "playchess.com"]
[Source "ChessBase"]
[SourceQuality "1"]

{[%evp 9,63,18,22,31,31,35,52,58,89,79,80,70,136,139,158,94,152,141,140,143,132,159,138,121,224,192,214,143,133,134,134,140,111,120,170,163,166,85,174,32,191,179,205,0,0,0,170,41,144,130,12837,6935,12834,2954,29991,29992]} 1. b3 e5 2. Bb2 Nc6 3. Nf3 d6 4. d4 e4 5. d5 exf3 6. dxc6 {A01: Nimzowitsch-Larsen Opening.} bxc6 7. gxf3 Nf6 8. Qd4 {White is slightly better.} Be6 9. Rg1 c5 {[#]} 10. Qa4+ $146 ({Predecessor:} 10. Qh4 Rb8 11. Qa4+ Bd7 12. Qxa7 Nd5 13. Qa6 Qh4 14. Qd3 Nb4 15. Qd2 Qxh2 16. Rg3 {1-0 (78) Barth,N (2197)-Justen,D (2105) Bayern 2006}) 10... Nd7 (10... Bd7 $14 11. Qh4 a5) 11. Nc3 $16 Rg8 12. Ne4 (12. Qc6 $142) 12... f6 (12... Be7 $142) 13. e3 Kf7 14. O-O-O Nb6 15. Qa5 Qe7 16. Bb5 h6 (16... d5 $16 {is a better defense.}) 17. Bc6 $18 Rd8 18. Qxa7 d5 19. Nc3 $1 {[%cal Rc3b5] Threatens to win with Nb5.} Qd6 20. Bb7 Be7 {White should prevent ...Ra8.} 21. Qa6 c4 22. Nb5 Qxh2 23. Nd4 (23. Kb1 $18) 23... Qxf2 (23... Bd7 $16) 24. e4 (24. Kb1 $18) 24... Bc8 $2 (24... dxe4 $1 $14 25. fxe4 Qf4+ 26. Kb1 Qe5) 25. Bxc8 Rxc8 {[#]} 26. exd5 $2 (26. Kb1 $1 $18) 26... Ra8 $11 27. Qb7 Bd6 $2 {[#]} (27... c3 $1 $11 28. Qxc7 Nxd5) 28. Nf5 ({White must play} 28. Kb1 $1 $18) 28... Bf4+ ({Better is} 28... Qc5 $1 $14) 29. Kb1 $16 Rxa2 $4 {[%mdl 8192]} (29... Qc5 $16) 30. Qc6 $18 {White threatens Qe6+ and mate.} Rxb2+ 31. Kxb2 {Intending Qe6+ and mate.} Be5+ 32. Kb1 {Accuracy: White = 63%, Black = 37%.} 1-0

[Event "Saint Louis Blitz 2020"]
[Site "Saint Louis"]
[Date "2020.09.19"]
[Round "18"]
[White "Aronian, Levon"]
[Black "Dominguez Perez, Leinier"]
[Result "1/2-1/2"]
[WhiteElo "2773"]
[BlackElo "2758"]
[Annotator "TA"]
[PlyCount "126"]
[EventDate "2020.09.18"]
[EventType "blitz"]
[EventCountry "USA"]
[SourceTitle "playchess.com"]
[Source "ChessBase"]
[SourceQuality "1"]

{[%evp 18,126,8,12,13,0,0,0,0,0,0,0,0,0,0,-14,-16,-23,-22,-25,-12,-34,-25,-70,0,-38,-18,-18,0,0,0,-206,-204,-198,-201,-194,-140,-120,-125,-127,-118,-110,-117,-122,-62,-107,-101,-86,-85,-89,-91,-157,-163,-168,-161,-184,-177,-270,-267,-278,-259,-381,-221,-212,-124,-200,-191,-191,-154,-164,-153,-195,-131,-119,0,0,0,0,0,0,8,8,66,0,8,0,0,0,37,0,67,0,0,0,0,0,0,0,0,0,0,0,0,0,0,0,0,0,0,0,0]} 1. e4 c5 2. Nf3 d6 3. d4 cxd4 4. Nxd4 Nf6 5. Nc3 a6 6. Be3 e5 7. Nf3 Be7 8. Bc4 O-O 9. O-O Nc6 10. Qe2 Na5 {B90: Sicilian Najdorf: Unusual White 6th moves, 6 Be3 Ng4 and 6 Be3 e5.} 11. Bd5 Bd7 12. Rfd1 Rc8 13. a4 Qc7 14. Bg5 Be6 15. Bxf6 Bxf6 {[#]} 16. Nd2 $146 ({Predecessor:} 16. h3 Rfd8 17. Nh2 Nc4 18. Bxc4 Qxc4 19. Qf3 b5 20. axb5 axb5 21. Nd5 Bxd5 22. Rxd5 Qxc2 23. Rxb5 Rb8 24. Rxb8 {½-½ (24) Lobzhanidze,D (2487)-Sprenger,J (2515) Germany 2012}) 16... Nc6 17. Bb3 Nd4 18. Qd3 h6 19. h3 Bg5 20. Ra3 Bxd2 (20... Qc5 $15) 21. Rxd2 Bxb3 22. cxb3 b5 23. axb5 axb5 24. Ne2 $2 {[#]} (24. Kh2 $11) 24... Nc2 $1 $19 25. Qxb5 Nxa3 26. bxa3 Rb8 (26... Ra8 $19 27. a4 Rfb8) 27. Qd3 $17 Rfc8 28. b4 {[#]} Ra8 $1 29. Rb2 Qc4 30. Qe3 Rab8 (30... Rd8 $17 31. b5 Qc5) 31. Rb3 d5 32. exd5 Qxd5 33. Rd3 Qc4 34. Ng3 (34. Kh2 $142) 34... Qc1+ 35. Kh2 {aiming for Rd8+!} Qxe3 36. Rxe3 $19 {[%mdl 4096] Endgame KRR-KRN} Rc2 37. Ne4 (37. Rxe5 {might work better.} Ra8 38. Re3) 37... f5 38. Nc5 e4 ({Don't play} 38... Rxf2 39. Rxe5 Rd8 40. Re1 $19) 39. f3 (39. g4 {only move.}) 39... exf3 (39... Rb6 $142 {White must now prevent ...Rg6.} 40. Kg3 g5) 40. Rxf3 Ra2 (40... Re8 $19 41. Kg3 g6) 41. h4 (41. Kg3 $17) 41... Re8 42. Kg3 Ree2 43. Kf4 Rxg2 44. Kxf5 Rge2 (44... Rh2 $19 45. Ke5 Rxh4) 45. a4 Reb2 (45... Re8 $17 46. Rd3 h5) 46. Rf4 $1 $11 Kf7 47. Ke5+ Ke7 48. Kd5 Rf2 49. Re4+ Kf6 (49... Kf7 $11) 50. a5 (50. Rc4 $1 $14 Rfd2+ 51. Kc6) 50... g5 51. hxg5+ hxg5 52. a6 Rfc2 53. Kd6 Kf5 ({Black should try} 53... Rxc5 $11 54. bxc5 Rxa6+ 55. Kd5 Kf5) 54. Re8 (54. Re5+ $14 Kg6 55. b5) 54... Rxc5 {[%mdl 64] Remove Defender. The position is equal.} 55. bxc5 (55. Rf8+ {looks sharper.} Ke4 56. Kxc5 Rxa6 57. Rg8 Kf4 58. b5) 55... Rxa6+ {KR-KR} 56. c6 g4 57. Rf8+ (57. Kc5 {seems wilder.} Ra3 58. c7 Rc3+ 59. Kd6 g3 60. c8=R) 57... Ke4 58. Kc5 (58. Rb8 {with more complications.} g3 59. Rg8 Kf3 60. Kd7 Ra2 61. c7) 58... Rxc6+ 59. Kxc6 g3 60. Rg8 Kf3 61. Kd5 g2 62. Kd4 Kf2 63. Rxg2+ Kxg2 {Black had all chances to win. Accuracy: White = 66%, Black = 70%.} 1/2-1/2